000 00223 a2200097 4500
001 49466
100 _aDumas
245 _aCount of Monte Cristo (Vol-II)
260 _aLondon
_bJ M Dent & Sons Ltd
_c
090 _c31997
_d31997
942 _aNUST-CAE
_cM
_c24443
999 _c284539
_d284539